000 00838cam a2200265 i 4500
001 65890
003 Mx-PuUPA
005 20260127121126.0
008 160805s2022 mx gr 000 0 spa d
020 _a9789700775456
040 _aMx-PuUPA
_bspa
_cMx-PuUPA
_dMx-PuUPA
_erda
041 0 _aspa
100 1 _aArellano García, Carlos,
_eautor
_94323
245 1 0 _aTeoría general del proceso /
_cCarlos Arellano García
250 _a18a. edición
264 1 _aCiudad de México :
_bEditorial Porrúa,
_c©2022
300 _axxxii, 470 páginas ;
_c24 cm.
336 _atexto
_2rdacontent
_btxt
337 _asin medio
_2rdamedia
_bn
338 _avolumen
_2rdacarrier
_bnc
650 7 _aProcedimiento civil
_zMéxico
_2armarc
942 _2ddc
_h340.072
_iA678
_cLI
999 _c65890
_d65890